[Event "COL-ch Visually impaired"]
[Site "Cartagena"]
[Date "2019.12.04"]
[Round "3.16"]
[White "Castillo Castellanos, David"]
[Black "Bastidas Noguera, Efren Albeiro"]
[Result "1-0"]
[WhiteElo "1403"]
[BlackElo "1499"]
[PlyCount "81"]
[EventDate "2019.12.03"]
[EventType "swiss"]
[EventRounds "6"]
[EventCountry "COL"]
[SourceTitle "EXT 2024"]
[Source "ChessBase"]
[SourceDate "2023.10.10"]
[SourceVersion "1"]
[SourceVersionDate "2023.10.10"]
[SourceQuality "1"]

1. d4 d5 2. c4 dxc4 3. Qa4+ Bd7 4. Qxc4 Nf6 5. e3 Nc6 6. Bd3 e6 7. Nf3 Be7 8. Bd2 h6 9. a3 a6 10. Qc2 0-0 11. Nc3 Na7 12. 0-0 Nb5 13. Ne5 Nd6 14. Rac1 Nf5 15. Qd1 Bd6 16. Nxd7 Qxd7 17. Ne4 Nxe4 18. Bxe4 c6 19. Bc3 Qc7 20. h3 Bh2+ 21. Kh1 Bd6 22. d5 cxd5 23. Bxf5 exf5 24. Qxd5 Qd7 25. Rfd1 Rad8 26. Ba5 Qe7 27. Bxd8 Rxd8 28. Qxf5 Qe5 29. Qxe5 Bxe5 30. Rxd8+ Kh7 31. a4 Bxb2 32. Rb1 Bf6 33. Rd7 g5 34. Rbxb7 Kg6 35. a5 h5 36. Rb6 g4 37. Rxa6 Kg5 38. Rxf7 Be5 39. Re6 Bb8 40. h4+ Kxh4 41. Rf5 1-0

[Event "COL visually impaired 14th"]
[Site "Armenia"]
[Date "2018.11.11"]
[Round "5.18"]
[White "Gonzalez Ospina, Juan Guillermo"]
[Black "Bastidas Noguera, Efren Albeiro"]
[Result "0-1"]
[WhiteElo "1562"]
[BlackElo "1564"]
[PlyCount "32"]
[EventDate "2018.11.09"]
[EventType "swiss"]
[EventRounds "6"]
[EventCountry "COL"]
[SourceTitle "EXT 2024"]
[Source "ChessBase"]
[SourceDate "2023.10.10"]
[SourceVersion "1"]
[SourceVersionDate "2023.10.10"]
[SourceQuality "1"]

1. e4 e5 2. Nf3 d6 3. d3 c6 4. Nc3 Be6 5. Bg5 Qb6 6. Qd2 Qxb2 7. Rb1 Qa3 8. Rb3 Bxb3 9. cxb3 Nd7 10. Be2 Ngf6 11. 0-0 h6 12. Bh4 0-0-0 13. Bg3 Re8 14. Nh4 Rg8 15. Nf5 g6 16. Nxd6+ Bxd6 0-1